Plantas medicinales de uso común en Chile

Gorde:
Xehetasun bibliografikoak
Egile Nagusiak: Hoffmann J., Adriana E (Egilea), Farga, Cristina (Egilea), Lastra, Jorge (Egilea), Veghazi, Esteban (Egilea)
Formatua: Liburua
Hizkuntza:gaztelania
Argitaratua: Santiago Arama Laboratorios 1998
Santiago Fundación Claudio Gay 1998
Edizioa:2a. ed
Gaiak:
Etiketak: Etiketa erantsi
Etiketarik gabe, Izan zaitez lehena erregistro honi etiketa jartzen!

MARC

LEADER 00000nam a2200000 a 4500
001 UCK4057
003 CL-VaPUC
008 050520e19980000cl |||||||||||||||||spa|d
082 0 4 |a 633.88  |b HOF  |2 21 
100 |a Hoffmann J., Adriana E  |e author  |9 598071 
700 0 |a Farga, Cristina  |e author  |9 492444 
700 0 |a Lastra, Jorge  |e author  |9 492445 
700 0 |a Veghazi, Esteban  |e author  |9 492446 
245 1 0 |a Plantas medicinales de uso común en Chile 
250 |a 2a. ed 
300 |a 192 p 
942 |c BK 
945 |d 20050520 00:00:00  |a cmena 
260 |a Santiago  |b Arama Laboratorios  |c 1998 
260 |a Santiago  |b Fundación Claudio Gay  |c 1998 
650 0 |a Plantas medicinales  |9 334373 
650 0 |a Hierbas   |9 339681 
650 7 |a MEDICINA POPULAR  |2 CL-VaPUC  |9 311908 
651 7 |a CHILE  |2 CL-VaPUC  |9 492447 
583 |a last modification  |c 20171004 04:51:25  |k Rodrigo Vera 
999 |c 313033  |d 313031 
952 |0 0  |1 0  |4 0  |6 633_880000000000000_HOF_1998_1998  |7 0  |8 P  |9 384088  |a BIBEDU  |b BIBEDU  |c BIBEDU_PB  |d 2019-11-22  |i 4128893  |l 2  |o 633.88 HOF 1998 1998  |p 4128893  |r 2024-01-25  |s 2022-05-16  |w 2019-11-22  |y BK  |k EBA